|
|
|
|
| LEADER |
00000nab a2200000 a 4500 |
| 001 |
vtls000704132 |
| 003 |
SK-MaSNL |
| 005 |
20260302182001.0 |
| 008 |
140228c1999 xo 0 slo |
| 015 |
|
|
|a SNBRB1999/10-23957
|
| 035 |
|
|
|a CLN000056299
|
| 040 |
|
|
|a SNKBUCL
|b slo
|c SNKBUCL
|e AACR2
|
| 041 |
0 |
|
|a slo
|
| 044 |
|
|
|a xo
|c SK
|
| 080 |
|
|
|a 629.114.6
|2 1997
|
| 100 |
1 |
|
|a Beníček, Jozef
|4 aut
|9 11574
|
| 245 |
1 |
0 |
|a Test: Škoda Octavia 2.0 MPI
|b náhrada motora priniesla lepšie prevádzkové vlastnosti
|c Jozef Beníček
|
| 300 |
|
|
|b Fotogr.
|
| 650 |
0 |
7 |
|a Škoda Octavia 2.0 MPI (osobný automobil)
|x parametre technické
|2 snkbucl
|9 893365
|
| 650 |
0 |
7 |
|a automobily osobné
|2 snkbucl
|9 838476
|
| 655 |
|
7 |
|a články z novín a časopisov
|2 snkbucl
|9 267496
|
| 773 |
0 |
|
|t Hospodárske noviny
|g Roč. 7, č. 204 (22.-24.10.1999), s. 8
|x 0862-9567
|
| 850 |
|
|
|a Slovenská národná knižnica v Martine
|
| 852 |
|
|
|a SNK
|b KIS3GCP
|
| 992 |
|
|
|a RBX
|
| 999 |
|
|
|c 1416396
|d 1418326
|